000 00852nam a22003250a 4500
001 PT31217
003 AR-LpoUNG
005 20210131233714.0
008 191001s1991||||ag |||||||||||||||||spa d
020 _a9502101022
_c$49.20
040 _aAR-LpoUNG
_bspa
_cAR-LpoUNG
_eaacr
041 _aspa
044 _aag
082 0 _a982.04 329gra
100 1 _aAlberdi, Juan Bautista
245 1 0 _aGrandes y pequeños hombres del Plata
250 _a5§ ed.
260 _aBuenos Aires :
_bPlus Ultra,
_c1991.
300 _a297 p. :
_bgráfs.
650 4 _aANALISIS HISTORICO
650 4 _aARGENTINA
650 4 _aCIENCIA POLITICA
650 4 _aDOCTRINAS POLITICAS
650 4 _aFILOSOFIA
650 4 _aHISTORIA POLITICA
650 4 _aTEORIA POLITICA
651 4 _aDOCUMENTOS TEORICOS O METODOLOGICOS
905 _a31217
942 _cLIB
999 _c22252
_d22252